Work environment and job satisfaction among secondary school teachers in Seremban : a case study /
Saved in:
| Main Author: | |
|---|---|
| Format: | Thesis |
| Language: | English |
| Published: |
Petaling Jaya
: International Islamic University Malaysia,
1998
|
| Subjects: | |
| Online Access: | http://studentrepo.iium.edu.my/handle/123456789/4293 |
| Tags: |
Add Tag
No Tags, Be the first to tag this record!
|
| LEADER | 012040000a22003250004500 | ||
|---|---|---|---|
| 001 | 149124 | ||
| 005 | 20081218163600.0 | ||
| 008 | 980815s1998 eng | ||
| 035 | |a 557669 | ||
| 035 | |a (Sirsi) 149124 | ||
| 040 | |a UIAM |b eng | ||
| 043 | |a a-my--- | ||
| 049 | |b m | ||
| 050 | |a LB2840 | ||
| 100 | 0 | |a Fernandez, Jerald | |
| 245 | 1 | 0 | |a Work environment and job satisfaction among secondary school teachers in Seremban : |b a case study / |c by: Jerald Fernandez |
| 260 | 1 | |a Petaling Jaya |b : International Islamic University Malaysia, |c 1998 | |
| 300 | |a xi, 105 p. ; 30 cm. | ||
| 500 | |a Includes bibiliographical references (p.87-90 ) | ||
| 502 | |a (M.A.)--International Islamic University, 1998 | ||
| 596 | |a 1 | ||
| 650 | 0 | |a Classroom environment |z Malaysia Seremban | |
| 650 | 0 | |a Teachers |x Job satisfaction |z Malaysia | |
| 650 | 0 | |a Teachers |x Job stress |z Malaysia | |
| 650 | 0 | |a Teaching | |
| 655 | 0 | 7 | |a Theses, IIUM local |
| 856 | 4 | |u http://studentrepo.iium.edu.my/handle/123456789/4293 | |
| 900 | |a asm-abb-hj | ||
| 999 | |c 431107 |d 462598 | ||
| 952 | |0 0 |6 T LB 002840 F363W 1998 |7 0 |8 THESES |9 750779 |a IIUM |b IIUM |c MULTIMEDIA |g 0.00 |o t LB2840F363W 1998 |p 00000557670 |r 2017-11-28 |t 1 |v 0.00 |y THESIS | ||
